[Event "Muensterland Regionalliga 2122"]
[Site "Germany"]
[Date "2021.11.13"]
[Round "3.4"]
[White "Haselhorst, Helmut"]
[Black "Bruemmer, Andreas"]
[Result "0-1"]
[WhiteElo "1980"]
[BlackElo "1920"]
[PlyCount "82"]
[EventDate "2021.10.02"]
[EventType "team-tourn"]
[EventRounds "3"]
[EventCountry "GER"]
[SourceTitle "EXT 2023"]
[Source "ChessBase"]
[SourceDate "2022.10.05"]
[SourceVersion "1"]
[SourceVersionDate "2022.10.05"]
[SourceQuality "1"]
[WhiteTeam "Steinfurt"]
[BlackTeam "Rheine Klein Berlin"]
[WhiteTeamCountry "GER"]
[BlackTeamCountry "GER"]

1. Nf3 c5 2. c4 g6 3. g3 Bg7 4. Bg2 Nc6 5. Nc3 d6 6. 0-0 e5 7. d3 Nge7 8. a3 0-0 9. Bd2 h6 10. Rb1 a5 11. Ne1 Rb8 12. Nc2 Be6 13. Ne3 f5 14. Ned5 b6 15. b4 axb4 16. axb4 Bf7 17. e3 Nxb4 18. Nxb4 cxb4 19. Nb5 d5 20. Bxb4 dxc4 21. dxc4 Bf6 22. Qb3 Qd7 23. Bd6 Rbc8 24. Rfc1 Rfd8 25. Ra1 Qe6 26. Bxe7 Bxe7 27. Bd5 Qf6 28. Na7 Rc7 29. Bxf7+ Qxf7 30. Nb5 Rcc8 31. Ra4 Bc5 32. Rd1 f4 33. exf4 exf4 34. Rxd8+ Rxd8 35. g4 Qe6 36. Qf3 Qe1+ 37. Kg2 Bxf2 38. Ra8 Qg1+ 39. Kh3 Qf1+ 40. Qg2 Qd3+ 41. Qg3 fxg3 0-1

[Event "Muensterland Regionalliga 1920"]
[Site "Germany"]
[Date "2020.02.01"]
[Round "6.8"]
[White "Haselhorst, Helmut"]
[Black "Liebing, Ingo"]
[Result "1/2-1/2"]
[WhiteElo "2025"]
[BlackElo "1745"]
[PlyCount "26"]
[EventDate "2019.09.07"]
[EventType "team-tourn"]
[EventRounds "7"]
[EventCountry "GER"]
[SourceTitle "EXT 2023"]
[Source "ChessBase"]
[SourceDate "2022.10.05"]
[SourceVersion "1"]
[SourceVersionDate "2022.10.05"]
[SourceQuality "1"]
[WhiteTeam "Steinfurt"]
[BlackTeam "Duelmen"]
[WhiteTeamCountry "GER"]
[BlackTeamCountry "GER"]

1. Nf3 d6 2. e4 Nf6 3. Nc3 c6 4. d4 Bg4 5. Be2 e6 6. 0-0 Be7 7. Be3 0-0 8. Qd2 d5 9. e5 Nfd7 10. Ng5 Bf5 11. Nd1 c5 12. c3 Nc6 13. Nf3 Bg4 1/2-1/2

[Event "Muensterland Regionalliga 1920"]
[Site "Germany"]
[Date "2019.09.28"]
[Round "2.8"]
[White "Haselhorst, Helmut"]
[Black "Herdering, Rajesh"]
[Result "1/2-1/2"]
[WhiteElo "2025"]
[BlackElo "1482"]
[PlyCount "34"]
[EventDate "2019.09.07"]
[EventType "team-tourn"]
[EventRounds "7"]
[EventCountry "GER"]
[SourceTitle "EXT 2023"]
[Source "ChessBase"]
[SourceDate "2022.10.05"]
[SourceVersion "1"]
[SourceVersionDate "2022.10.05"]
[SourceQuality "1"]
[WhiteTeam "Steinfurt"]
[BlackTeam "Metelen"]
[WhiteTeamCountry "GER"]
[BlackTeamCountry "GER"]

1. Nf3 Nc6 2. d4 d5 3. Bf4 Bf5 4. e3 e6 5. c3 Bd6 6. Bg3 Nge7 7. Bd3 Bg6 8. 0-0 Nf5 9. Bxd6 Nxd6 10. Na3 Ne7 11. c4 c6 12. Qe2 Bh5 13. Qd1 Ne4 14. Be2 Qb6 15. Qc2 Qb4 16. Rfd1 Bg6 17. Qb3 Qxb3 1/2-1/2

[Event "Staufer op 31st"]
[Site "Schwaebisch Gmuend"]
[Date "2019.01.02"]
[Round "1"]
[White "Haselhorst, Helmut"]
[Black "Van Delft, Merijn"]
[Result "0-1"]
[WhiteElo "2129"]
[BlackElo "2349"]
[PlyCount "101"]
[EventDate "2019.01.02"]
[EventType "swiss"]
[EventRounds "9"]
[EventCountry "GER"]
[SourceTitle "CBM 188 Extra"]
[Source "ChessBase"]
[SourceDate "2019.02.26"]
[SourceVersion "1"]
[SourceVersionDate "2019.02.26"]
[SourceQuality "1"]

1. Nf3 d5 2. d4 Nf6 3. c4 c6 4. Nc3 e6 5. e3 Nbd7 6. Bd3 dxc4 7. Bxc4 b5 8. Bd3 a6 9. e4 c5 10. d5 Bb7 11. dxe6 fxe6 12. Qe2 Bd6 13. 0-0 0-0 14. Ng5 Qe7 15. f4 e5 16. f5 c4 17. Bc2 Nc5 18. Bd2 Rac8 19. Rae1 h6 20. Nf3 Rfe8 21. Nh4 Qf7 22. Ng6 b4 23. Nd1 Ncxe4 24. Bc1 Kh7 25. Ne3 Bc5 26. Kh1 c3 27. b3 Rcd8 28. Rd1 Rxd1 29. Rxd1 Qc7 30. Kg1 Qa5 31. Bd3 Rd8 32. Kf1 Bd4 33. Nc4 Qc7 34. Be3 Ba8 35. Ngxe5 Bxe3 36. Qxe3 Rd5 37. Nf3 Rxf5 38. Ke2 Kh8 39. Qb6 Qxb6 40. Nxb6 Bb7 41. Bb1 g5 42. Rd8+ Kg7 43. Rb8 Bc6 44. Ke3 Ng4+ 45. Ke2 Rf6 46. Nc4 Nd6 47. Nxd6 Rxd6 48. Rxb4 Bb5+ 49. Ke1 Ne3 50. Nd4 Rxd4 51. Rxd4 0-1

[Event "GER-chT Laender Seniors 65+"]
[Site "Templin"]
[Date "2018.09.13"]
[Round "4.4"]
[White "Haselhorst, Helmut"]
[Black "Glatthor, Thomas"]
[Result "1-0"]
[WhiteElo "2148"]
[BlackElo "2037"]
[PlyCount "89"]
[EventDate "2018.09.10"]
[EventType "team-swiss"]
[EventRounds "7"]
[EventCountry "GER"]
[SourceTitle "EXT 2020"]
[Source "ChessBase"]
[SourceDate "2019.10.17"]
[SourceVersion "1"]
[SourceVersionDate "2019.10.17"]
[SourceQuality "1"]
[WhiteTeam "Nordrhein Westfalen"]
[BlackTeam "Berlin"]
[WhiteTeamCountry "GER"]
[BlackTeamCountry "GER"]

1. Nf3 Nf6 2. d4 d6 3. c4 g6 4. Nc3 Bg7 5. h3 0-0 6. Bf4 Nbd7 7. e3 c6 8. Be2 Qa5 9. 0-0 e5 10. Bh2 Re8 11. a3 Qc7 12. c5 Nd5 13. Nxd5 cxd5 14. Rc1 dxc5 15. dxc5 Nf6 16. b4 Bd7 17. Qb3 Rad8 18. Rfd1 a6 19. a4 Re6 20. b5 Rde8 21. Nd4 R6e7 22. c6 Bc8 23. cxb7 Qxb7 24. Nc6 Re6 25. Bf3 axb5 26. axb5 e4 27. Be2 Bf8 28. Qc3 Bd6 29. Bxd6 Rxd6 30. Qc5 Qd7 31. Ra1 Qe6 32. Ra7 Bd7 33. Nd4 Qe5 34. Rda1 Rc8 35. Ra8 Rxa8 36. Rxa8+ Kg7 37. b6 Be8 38. b7 Nd7 39. Qc8 Rb6 40. Qxe8 Rb1+ 41. Bf1 Qh5 42. Nf3 exf3 43. Qxd7 fxg2 44. Kxg2 Qd1 45. Qb5 1-0

[Event "GER-chT Laender Seniors 65+"]
[Site "Templin"]
[Date "2018.09.12"]
[Round "2.4"]
[White "Haselhorst, Helmut"]
[Black "Ohl, Karsten"]
[Result "1/2-1/2"]
[WhiteElo "2148"]
[BlackElo "1898"]
[PlyCount "71"]
[EventDate "2018.09.10"]
[EventType "team-swiss"]
[EventRounds "7"]
[EventCountry "GER"]
[SourceTitle "EXT 2020"]
[Source "ChessBase"]
[SourceDate "2019.10.17"]
[SourceVersion "1"]
[SourceVersionDate "2019.10.17"]
[SourceQuality "1"]
[WhiteTeam "Nordrhein Westfalen"]
[BlackTeam "Bremen"]
[WhiteTeamCountry "GER"]
[BlackTeamCountry "GER"]

1. Nf3 Nf6 2. c4 g6 3. Nc3 Bg7 4. e4 d6 5. d4 0-0 6. Be2 Nbd7 7. 0-0 e5 8. Re1 c6 9. Rb1 Nh5 10. Bf1 Re8 11. d5 c5 12. a3 Nf8 13. b4 b6 14. g3 f5 15. Nd2 f4 16. g4 Nf6 17. f3 N6d7 18. Re2 h5 19. h3 Nh7 20. Bg2 Rf8 21. Nf1 Bf6 22. Bd2 Ba6 23. b5 Bc8 24. Be1 hxg4 25. hxg4 Ng5 26. Ra2 Rf7 27. Kf2 Qf8 28. Ke2 Bd8 29. Kd3 Nf6 30. a4 Qh6 31. Nd2 Rh7 32. Bf2 Qf8 33. Qe2 Rh2 34. Bg1 Rh4 35. Bf2 Rh2 36. Bg1 1/2-1/2

[Event "Muensterland Regionalliga 1819"]
[Site "Germany"]
[Date "2018.09.08"]
[Round "1.1"]
[White "Monsma, Menno"]
[Black "Haselhorst, Helmut"]
[Result "1/2-1/2"]
[WhiteElo "2061"]
[BlackElo "2042"]
[PlyCount "93"]
[EventDate "2018.09.08"]
[EventType "team-tourn"]
[EventRounds "9"]
[EventCountry "GER"]
[SourceTitle "EXT 2020"]
[Source "ChessBase"]
[SourceDate "2019.10.17"]
[SourceVersion "1"]
[SourceVersionDate "2019.10.17"]
[SourceQuality "1"]
[WhiteTeam "Gronau"]
[BlackTeam "Steinfurt"]
[WhiteTeamCountry "GER"]
[BlackTeamCountry "GER"]

1. c4 Nf6 2. g3 g6 3. Bg2 Bg7 4. Nc3 0-0 5. e3 c5 6. Nge2 Nc6 7. 0-0 b6 8. a3 Bb7 9. d3 Rc8 10. Rb1 d6 11. b4 Qd7 12. b5 Nb8 13. e4 Rcd8 14. Rb3 Qc8 15. Bb2 Nbd7 16. Nf4 Rfe8 17. h3 Nf8 18. Qa1 N6d7 19. Rd1 Ne5 20. Nfd5 Ne6 21. Ne2 Nd7 22. Bxg7 Nxg7 23. Ne3 Nf8 24. Ng4 Nd7 25. Qc1 Nh5 26. Nh6+ Kf8 27. g4 Nhf6 28. Qf4 Ne5 29. Qe3 Ng8 30. Nxg8 Kxg8 31. f4 Nd7 32. Ng3 e6 33. Qf2 Qc7 34. Re1 Ra8 35. Rbb1 a6 36. a4 axb5 37. axb5 Ra3 38. Re3 Rea8 39. Rbe1 Qd8 40. Ne2 R8a7 41. h4 Qf6 42. g5 Qb2 43. h5 Ra1 44. Ng3 Qd4 45. Rxa1 Rxa1+ 46. Kh2 Rb1 47. Rf3 1/2-1/2

[Event "GER-ch Seniors 65"]
[Site "Hamburg"]
[Date "2018.07.28"]
[Round "8"]
[White "Haselhorst, Helmut"]
[Black "Ackermann, Hans Werner"]
[Result "1-0"]
[WhiteElo "2143"]
[BlackElo "2267"]
[PlyCount "65"]
[EventDate "2018.07.21"]
[EventType "swiss"]
[EventRounds "9"]
[EventCountry "GER"]
[SourceTitle "CBM 186 Extra"]
[Source "ChessBase"]
[SourceDate "2018.08.24"]
[SourceVersion "1"]
[SourceVersionDate "2018.08.24"]
[SourceQuality "1"]

1. e4 d6 2. d4 g6 3. Bc4 Bg7 4. Nf3 c6 5. Bb3 Nf6 6. Nbd2 0-0 7. 0-0 a5 8. c3 Na6 9. Re1 Nd7 10. Nf1 b5 11. h3 Nb6 12. N3d2 a4 13. Bc2 e5 14. f4 exd4 15. cxd4 c5 16. Nf3 Bb7 17. Ne3 Re8 18. d5 Nb4 19. a3 Nxc2 20. Qxc2 b4 21. Ng4 b3 22. Qd1 h5 23. Nf2 c4 24. Rb1 c3 25. bxc3 Bxc3 26. Bd2 Bxd2 27. Qxd2 Nc4 28. Qb4 Nb6 29. Nd4 Ra6 30. Rbd1 Qd7 31. Nc6 Nc8 32. Nb8 Qc7 33. Nxa6 1-0

[Event "GER-ch Seniors 65"]
[Site "Hamburg"]
[Date "2018.07.25"]
[Round "5"]
[White "Haselhorst, Helmut"]
[Black "Seidel, Arnold"]
[Result "1/2-1/2"]
[WhiteElo "2143"]
[BlackElo "1990"]
[PlyCount "131"]
[EventDate "2018.07.21"]
[EventType "swiss"]
[EventRounds "9"]
[EventCountry "GER"]
[SourceTitle "CBM 186 Extra"]
[Source "ChessBase"]
[SourceDate "2018.08.24"]
[SourceVersion "1"]
[SourceVersionDate "2018.08.24"]
[SourceQuality "1"]

1. e4 e5 2. Nf3 Nf6 3. Nc3 Nc6 4. Bb5 d6 5. d4 exd4 6. Nxd4 Bd7 7. 0-0 Be7 8. Re1 Nxd4 9. Qxd4 0-0 10. Bc4 a6 11. a4 Bc6 12. Bf4 Nh5 13. Be3 Bg5 14. Nd5 Bxd5 15. Qxd5 Bxe3 16. Rxe3 b5 17. Bb3 Nf4 18. Qf5 Ng6 19. Rd1 Qe8 20. axb5 axb5 21. f4 Qc6 22. Kh1 Qb6 23. Rh3 Qd4 24. c3 Qf6 25. Qxf6 gxf6 26. g3 Ne7 27. g4 Kg7 28. Kg2 Rfd8 29. Rhd3 Re8 30. Kf3 Rab8 31. Ra1 b4 32. c4 Ra8 33. Rdd1 Reb8 34. Ke3 Nc6 35. Bc2 b3 36. Bd3 Nb4 37. Kd2 Ra2 38. Rab1 c5 39. Kc3 Nc6 40. h4 Nd4 41. g5 Re8 42. Rh1 h5 43. Rbg1 Raa8 44. gxf6+ Kxf6 45. Rg5 Rh8 46. Rhg1 Ke6 47. R1g3 Ra1 48. e5 Rc1+ 49. Kd2 Rh1 50. exd6 Kxd6 51. Rd5+ Kc6 52. Be4 Rh2+ 53. Kd1 Kb6 54. Rgg5 Re8 55. Rde5 Rxe5 56. fxe5 Rxh4 57. Bd5 Rh2 58. Rg7 Re2 59. Rg5 h4 60. Rh5 h3 61. Rxh3 Rxe5 62. Bxf7 Rf5 63. Bd5 Rf2 64. Kc1 Rc2+ 65. Kb1 Rf2 66. Rh1 1/2-1/2

[Event "GER-ch Seniors 65"]
[Site "Hamburg"]
[Date "2018.07.22"]
[Round "2"]
[White "Zippert, Georg"]
[Black "Haselhorst, Helmut"]
[Result "1/2-1/2"]
[WhiteElo "1834"]
[BlackElo "2143"]
[PlyCount "49"]
[EventDate "2018.07.21"]
[EventType "swiss"]
[EventRounds "9"]
[EventCountry "GER"]
[SourceTitle "CBM 186 Extra"]
[Source "ChessBase"]
[SourceDate "2018.08.24"]
[SourceVersion "1"]
[SourceVersionDate "2018.08.24"]
[SourceQuality "1"]

1. e4 e5 2. Nf3 Nf6 3. Nxe5 d6 4. Nf3 Nxe4 5. Nc3 Nf6 6. d4 Be7 7. Bd3 Bg4 8. h3 Bh5 9. Be3 a6 10. g4 Bg6 11. g5 Nfd7 12. Ne2 Bxd3 13. Qxd3 Nc6 14. a3 d5 15. Ng3 Nb6 16. Nf5 g6 17. Nxe7 Qxe7 18. 0-0-0 0-0-0 19. Rde1 Qd6 20. Ne5 Nxe5 21. dxe5 Qe6 22. Bxb6 Qxb6 23. f4 c5 24. b3 Rhe8 25. h4 1/2-1/2

[Event "GER-chA Seniors 29th"]
[Site "Berlin"]
[Date "2017.08.15"]
[Round "8"]
[White "Haselhorst, Helmut"]
[Black "Huelsmann, Josef"]
[Result "1/2-1/2"]
[WhiteElo "2025"]
[BlackElo "2218"]
[PlyCount "35"]
[EventDate "2017.08.07"]
[EventType "swiss"]
[EventRounds "9"]
[EventCountry "GER"]
[SourceTitle "EXT 2019"]
[Source "ChessBase"]
[SourceDate "2018.10.10"]
[SourceVersion "1"]
[SourceVersionDate "2018.10.10"]
[SourceQuality "1"]

1. c4 e5 2. Nc3 Nf6 3. Nf3 Nc6 4. g3 Bb4 5. Nd5 e4 6. Nh4 Bc5 7. Bg2 d6 8. d3 exd3 9. exd3 0-0 10. 0-0 h6 11. Ne3 Nd4 12. b3 c6 13. Bb2 a5 14. Nf3 Qb6 15. Nc2 Nxc2 16. Qxc2 Qd8 17. d4 Bb6 18. Rad1 1/2-1/2

[Event "Muensterland Regionalliga 1617"]
[Site "Germany"]
[Date "2016.09.17"]
[Round "1.1"]
[White "Haselhorst, Helmut"]
[Black "Wilger, Frank"]
[Result "1-0"]
[WhiteElo "1966"]
[BlackElo "2065"]
[PlyCount "69"]
[EventDate "2016.09.17"]
[EventType "team"]
[EventRounds "9"]
[EventCountry "GER"]
[SourceTitle "EXT 2018"]
[Source "ChessBase"]
[SourceDate "2017.10.13"]
[SourceVersion "1"]
[SourceVersionDate "2017.10.13"]
[SourceQuality "1"]
[WhiteTeam "Steinfurt"]
[BlackTeam "Raesfeld Erle"]
[WhiteTeamCountry "GER"]
[BlackTeamCountry "GER"]

1. e4 c5 2. Nc3 a6 3. g3 g6 4. Bg2 Bg7 5. d3 Nc6 6. f4 e6 7. Nf3 Nge7 8. 0-0 0-0 9. Be3 Nd4 10. Qd2 d5 11. Nh4 f5 12. Rae1 Ra7 13. Nd1 dxe4 14. dxe4 b6 15. c3 Ndc6 16. Qxd8 Rxd8 17. b4 Rad7 18. bxc5 b5 19. Bc1 Na5 20. Nf3 Rd3 21. Ne5 Bxe5 22. fxe5 Nc4 23. Bg5 Kf7 24. exf5 gxf5 25. Nf2 Rxc3 26. Ne4 Rc2 27. Nd6+ Kf8 28. g4 Rxa2 29. gxf5 exf5 30. Bh3 Ra3 31. Bxf5 Nxf5 32. Bxd8 Ncxd6 33. exd6 Kg7 34. Bc7 Rc3 35. d7 1-0

[Event "GER-chA Seniors 28th"]
[Site "Niederhausen"]
[Date "2016.08.17"]
[Round "5"]
[White "Krueger, Erich"]
[Black "Haselhorst, Helmut"]
[Result "1-0"]
[WhiteElo "2228"]
[BlackElo "2096"]
[PlyCount "131"]
[EventDate "2016.08.13"]
[EventType "swiss"]
[EventRounds "9"]
[EventCountry "GER"]
[SourceTitle "EXT 2019"]
[Source "ChessBase"]
[SourceDate "2018.10.10"]
[SourceVersion "1"]
[SourceVersionDate "2018.10.10"]
[SourceQuality "1"]

1. d4 Nf6 2. c4 g6 3. Nc3 Bg7 4. e4 d6 5. Be2 0-0 6. Bg5 Nc6 7. d5 Ne5 8. Nf3 Nxf3+ 9. Bxf3 Nd7 10. 0-0 Nc5 11. Qc2 a5 12. Rad1 Bd7 13. b3 Re8 14. Rfe1 c6 15. Be3 Na6 16. dxc6 Bxc6 17. a3 Qc7 18. Nd5 Bxd5 19. exd5 Rac8 20. Qb1 a4 21. bxa4 Nc5 22. Qb5 Ra8 23. Rb1 Nxa4 24. Qxb7 Rec8 25. Bg5 f6 26. Bd2 Bf8 27. Bg4 Qxb7 28. Rxb7 Rxc4 29. Be6+ Kg7 30. Bb4 Nc5 31. Rc7 Re4 32. Rxe4 Nxe4 33. Bd7 f5 34. f3 Nc5 35. Bc6 Rb8 36. Bxc5 dxc5 37. a4 Kf6 38. Bb5 Ke5 39. Rxc5 Kd6 40. Rc2 Kxd5 41. Bc6+ Kd6 42. Bb5 Rb7 43. Kf2 e5 44. Rc6+ Ke7 45. Ke2 Kf7 46. Bc4+ Kg7 47. a5 Bb4 48. a6 Re7 49. Kd3 Be1 50. Bd5 Bf2 51. Kc4 Ba7 52. Kb5 Kh6 53. Rc4 Kg5 54. Kc6 Kf6 55. Rb4 g5 56. Rb7 Bg1 57. Rxe7 Kxe7 58. Kb7 Kd6 59. Bg8 h5 60. Bh7 Ke6 61. h3 e4 62. fxe4 f4 63. Bf5+ Ke5 64. a7 Bxa7 65. Kxa7 f3 66. gxf3 1-0

[Event "St Veit op-A 35th"]
[Site "St Veit"]
[Date "2016.07.09"]
[Round "1"]
[White "Haselhorst, Helmut"]
[Black "Bosiocic, Marin"]
[Result "0-1"]
[WhiteElo "2126"]
[BlackElo "2607"]
[PlyCount "50"]
[EventDate "2016.07.09"]
[EventType "swiss"]
[EventRounds "9"]
[EventCountry "AUT"]
[SourceTitle "EXT 2017"]
[Source "ChessBase"]
[SourceDate "2016.10.25"]
[SourceVersion "1"]
[SourceVersionDate "2016.10.25"]
[SourceQuality "1"]

1. Nf3 Nf6 2. c4 g6 3. Nc3 Bg7 4. e4 d6 5. d4 0-0 6. Be2 Nbd7 7. 0-0 e5 8. Re1 c6 9. Bf1 exd4 10. Nxd4 Re8 11. Nb3 Ne5 12. Bg5 h6 13. Bh4 Be6 14. f4 Nxc4 15. f5 gxf5 16. exf5 Nxb2 17. Qc2 Bxb3 18. axb3 Qb6+ 19. Bf2 Qb4 20. Rxe8+ Rxe8 21. Rxa7 Ng4 22. Na2 Qf4 23. g3 Qxf2+ 24. Qxf2 Nxf2 25. Rxb7 Ng4 0-1

[Event "Muensterland Regionalliga 1516"]
[Site "Germany"]
[Date "2015.12.05"]
[Round "4.2"]
[White "Haselhorst, Helmut"]
[Black "Greifenberg, Daniel"]
[Result "1/2-1/2"]
[WhiteElo "2012"]
[BlackElo "2004"]
[PlyCount "66"]
[EventDate "2015.09.05"]
[EventType "team"]
[EventRounds "9"]
[EventCountry "GER"]
[SourceTitle "EXT 2017"]
[Source "ChessBase"]
[SourceDate "2016.10.25"]
[SourceVersion "1"]
[SourceVersionDate "2016.10.25"]
[SourceQuality "1"]
[WhiteTeam "Steinfurt"]
[BlackTeam "Raesfeld Erle"]
[WhiteTeamCountry "GER"]
[BlackTeamCountry "GER"]

1. Nf3 d5 2. g3 Nf6 3. Bg2 Bg4 4. d4 e6 5. 0-0 Bd6 6. c4 c6 7. Nc3 Nbd7 8. Qb3 Rb8 9. cxd5 exd5 10. e4 Nxe4 11. Nxe4 dxe4 12. Ng5 0-0 13. Nxe4 Bc7 14. Bg5 Qe8 15. Rfe1 Be6 16. Qa3 f6 17. Bd2 Qc8 18. Rac1 Nb6 19. Bb4 Re8 20. b3 Nd5 21. Bd6 Bf7 22. Bxc7 Qxc7 23. Nd6 Rxe1+ 24. Rxe1 a6 25. Nxf7 Kxf7 26. Qc5 Rd8 27. h4 Qd6 28. Qc2 g6 29. h5 Rd7 30. hxg6+ hxg6 31. Re4 Re7 32. Rh4 Kg7 33. Qd2 g5 1/2-1/2

[Event "NRW-ch"]
[Site "Emsdetten"]
[Date "2015.10.18"]
[Round "7"]
[White "Heinert, Eugen"]
[Black "Haselhorst, Helmut"]
[Result "0-1"]
[WhiteElo "2156"]
[BlackElo "2141"]
[PlyCount "112"]
[EventDate "2015.10.??"]
[EventType "swiss"]
[EventRounds "7"]
[EventCountry "GER"]
[SourceTitle "EXT 2017"]
[Source "ChessBase"]
[SourceDate "2016.10.25"]
[SourceVersion "1"]
[SourceVersionDate "2016.10.25"]
[SourceQuality "1"]

1. d4 Nf6 2. c4 g6 3. Nc3 Bg7 4. e4 d6 5. f4 0-0 6. Nf3 Bg4 7. Be3 Nfd7 8. Be2 Nc6 9. Qd2 e5 10. fxe5 Bxf3 11. Bxf3 dxe5 12. d5 Nd4 13. 0-0-0 c5 14. Bh6 a6 15. h4 b5 16. h5 Qf6 17. Bg4 Nb6 18. Bxg7 Qxg7 19. h6 Qf6 20. Rdf1 Qd8 21. Kb1 Nxc4 22. Qf2 Qg5 23. Qf6 Qxf6 24. Rxf6 b4 25. Ne2 Nd2+ 26. Kc1 Nxe4 27. Rb6 Nf2 28. Rh4 Nxg4 29. Nxd4 Ne3 30. Nf3 Nxd5 31. Rd6 Ne3 32. Re4 Nf5 33. Rd5 f6 34. Rxc5 Rfc8 35. Rec4 Rxc5 36. Rxc5 Nxh6 37. Nd2 a5 38. Ne4 Ng4 39. Rc7 h6 40. Kd2 f5 41. Nc5 a4 42. Ne6 g5 43. Rg7+ Kh8 44. Rb7 Re8 45. Nc5 Rd8+ 46. Ke2 a3 47. Rxb4 Rc8 48. Nb3 Rc2+ 49. Nd2 e4 50. Kd1 Ne3+ 51. Ke2 Nxg2 52. Kd1 Ne3+ 53. Ke2 Nd5 54. Rb8+ Kg7 55. Kd1 Ne3+ 56. Ke2 Nc4 0-1

[Event "NRW-ch"]
[Site "Emsdetten"]
[Date "2015.10.15"]
[Round "4"]
[White "Gelsok, Philipp"]
[Black "Haselhorst, Helmut"]
[Result "1/2-1/2"]
[WhiteElo "1892"]
[BlackElo "2141"]
[PlyCount "81"]
[EventDate "2015.10.??"]
[EventType "swiss"]
[EventRounds "7"]
[EventCountry "GER"]
[SourceTitle "EXT 2017"]
[Source "ChessBase"]
[SourceDate "2016.10.25"]
[SourceVersion "1"]
[SourceVersionDate "2016.10.25"]
[SourceQuality "1"]

1. Nf3 Nf6 2. c4 g6 3. b4 Bg7 4. Bb2 0-0 5. g3 d6 6. Bg2 e5 7. d3 Nbd7 8. 0-0 Nh5 9. Nc3 f5 10. Qb3 Kh8 11. Rac1 Ndf6 12. Nd2 Rb8 13. c5 Qe7 14. cxd6 cxd6 15. Qa3 a6 16. Nc4 Be6 17. Nb6 Qf7 18. Qa5 Rfd8 19. Ncd5 Ne8 20. Rc2 g5 21. Bc1 f4 22. h3 Nhf6 23. Nxf6 Nxf6 24. Bd2 Rf8 25. Nc4 Qh5 26. g4 Bxg4 27. hxg4 Nxg4 28. Rfc1 Qh2+ 29. Kf1 f3 30. exf3 Rxf3 31. Be3 Rff8 32. Re1 h5 33. Nxd6 h4 34. Qd5 h3 35. Bxg5 e4 36. Qxe4 Qg3 37. f4 Nh2+ 38. Kg1 Ng4 39. Kf1 Nh2+ 40. Kg1 Ng4 41. Kf1 1/2-1/2

[Event "NRW-ch"]
[Site "Emsdetten"]
[Date "2015.10.14"]
[Round "3"]
[White "Haselhorst, Helmut"]
[Black "Tueckmantel, Rene"]
[Result "0-1"]
[WhiteElo "2141"]
[BlackElo "2149"]
[PlyCount "78"]
[EventDate "2015.10.??"]
[EventType "swiss"]
[EventRounds "7"]
[EventCountry "GER"]
[SourceTitle "EXT 2017"]
[Source "ChessBase"]
[SourceDate "2016.10.25"]
[SourceVersion "1"]
[SourceVersionDate "2016.10.25"]
[SourceQuality "1"]

1. Nf3 Nf6 2. c4 c5 3. g3 d5 4. cxd5 Nxd5 5. Bg2 Nc6 6. 0-0 e5 7. d3 Be7 8. Nc3 Nc7 9. Nd2 Bd7 10. Nc4 f6 11. f4 b5 12. Ne3 exf4 13. gxf4 Rb8 14. Bd2 0-0 15. Kh1 f5 16. Ncd5 Be6 17. Nxc7 Qxc7 18. Nd5 Qd7 19. Nxe7+ Nxe7 20. Rg1 Ng6 21. Qe1 Qd4 22. Bf3 Rfd8 23. Qc1 Bd5 24. Rg3 Bxf3+ 25. Rxf3 Qd5 26. Kg1 c4 27. Be1 Rbc8 28. dxc4 Rxc4 29. Qe3 Re4 30. Qf2 Rde8 31. e3 Rc4 32. Rg3 Qe4 33. Rd1 Rc2 34. Rd2 Rc1 35. h4 Nxf4 36. Rd7 g6 37. Kh2 Nh5 38. Rg1 Nf6 39. Rd2 Ng4+ 0-1

[Event "NRW-ch"]
[Site "Emsdetten"]
[Date "2015.10.13"]
[Round "2"]
[White "Albrecht, Oliver"]
[Black "Haselhorst, Helmut"]
[Result "1/2-1/2"]
[WhiteElo "2139"]
[BlackElo "2141"]
[PlyCount "48"]
[EventDate "2015.10.??"]
[EventType "swiss"]
[EventRounds "7"]
[EventCountry "GER"]
[SourceTitle "EXT 2017"]
[Source "ChessBase"]
[SourceDate "2016.10.25"]
[SourceVersion "1"]
[SourceVersionDate "2016.10.25"]
[SourceQuality "1"]

1. d4 Nf6 2. c4 g6 3. g3 Bg7 4. Bg2 0-0 5. Nc3 d6 6. Nf3 Nc6 7. 0-0 a6 8. Qd3 Bf5 9. e4 Bg4 10. h3 Bxf3 11. Bxf3 Nd7 12. Be3 Rb8 13. Bg2 e5 14. d5 Nd4 15. Ne2 c5 16. dxc6 Nc5 17. Qd2 Nxe2+ 18. Qxe2 bxc6 19. Rfd1 Qe7 20. Bxc5 dxc5 21. b3 Rfd8 22. Rxd8+ Rxd8 23. Rd1 Rd4 24. Rxd4 cxd4 1/2-1/2

[Event "GER-chA Seniors 27th"]
[Site "Magdeburg"]
[Date "2015.08.22"]
[Round "8"]
[White "Haselhorst, Helmut"]
[Black "Kierzek, Matthias"]
[Result "1/2-1/2"]
[WhiteElo "2080"]
[BlackElo "2218"]
[PlyCount "32"]
[EventDate "2015.08.15"]
[EventType "swiss"]
[EventRounds "9"]
[EventCountry "GER"]
[SourceTitle "EXT 2018"]
[Source "ChessBase"]
[SourceDate "2017.10.13"]
[SourceVersion "1"]
[SourceVersionDate "2017.10.13"]
[SourceQuality "1"]

1. e4 c6 2. Nc3 d5 3. Nf3 Bg4 4. Be2 Nf6 5. d3 e6 6. a3 Be7 7. 0-0 0-0 8. Ne5 Bxe2 9. Qxe2 Nbd7 10. Nxd7 Qxd7 11. Bd2 Ne8 12. Rae1 Nc7 13. Kh1 Rae8 14. f4 f5 15. Bc1 Kh8 16. Nb1 c5 1/2-1/2

[Event "GER-chA Seniors 27th"]
[Site "Magdeburg"]
[Date "2015.08.20"]
[Round "6"]
[White "Haselhorst, Helmut"]
[Black "Leiber, Bernhard"]
[Result "1-0"]
[WhiteElo "2080"]
[BlackElo "2210"]
[PlyCount "47"]
[EventDate "2015.08.15"]
[EventType "swiss"]
[EventRounds "9"]
[EventCountry "GER"]
[SourceTitle "EXT 2018"]
[Source "ChessBase"]
[SourceDate "2017.10.13"]
[SourceVersion "1"]
[SourceVersionDate "2017.10.13"]
[SourceQuality "1"]

1. Nf3 c5 2. c4 Nc6 3. g3 Nf6 4. Bg2 e6 5. 0-0 d5 6. d4 dxc4 7. Ne5 Nd5 8. Nxc6 bxc6 9. Nc3 Be7 10. Ne4 cxd4 11. Qxd4 0-0 12. Qxc4 Qb6 13. a3 Ba6 14. Qc2 h6 15. Re1 Rac8 16. Nd2 f5 17. e4 Bc5 18. Nb3 Bxf2+ 19. Qxf2 Qxb3 20. exd5 exd5 21. Be3 Bd3 22. Bxa7 Be4 23. Rac1 Rf7 24. Bd4 1-0